Actividades físico deportivas en la naturaleza para niños y jóvenes

Guardat en:
Dades bibliogràfiques
Autor principal: Pinos Quílez, Martín (Autor)
Format: Llibre
Idioma:espanyol
Publicat: Madrid Gymnos 1997
Matèries:
Etiquetes: Afegir etiqueta
Sense etiquetes, Sigues el primer a etiquetar aquest registre!

MARC

LEADER 00000nam a2200000 a 4500
001 UCO7442
003 CL-VaPUC
008 001117e19970000SP |||||||||||||||||spa|d
082 0 4 |a 796.14  |b PIN  |2 21 
100 0 |a Pinos Quílez, Martín  |e author  |9 451918 
245 1 0 |a Actividades físico deportivas en la naturaleza para niños y jóvenes 
300 |a 187 p 
942 |c BK 
945 |d 20001117 00:00:00  |a cmena 
260 |a Madrid  |b Gymnos  |c 1997 
650 0 |a Deportes  |9 224367 
650 0 |a Educación física  |9 240893 
650 7 |a DEPORTES AL AIRE LIBRE  |2 CL-VaPUC  |9 451919 
650 7 |a JUEGOS GRUPALES  |2 CL-VaPUC  |9 451920 
583 |a last modification  |c 20001117 00:00:00  |k Rodrigo Vera 
999 |c 292378  |d 292376 
952 |0 0  |1 0  |4 0  |6 796_140000000000000_PIN_1997  |7 0  |8 A  |9 343196  |a BIBEDU  |b BIBEDU  |d 2019-11-20  |i 3668312  |o 796.14 PIN 1997  |p 3668312  |r 2019-11-20  |w 2019-11-20  |y BK  |k EFI